01010nam a2200241Ia 4500003000900000008004100009020002200050040001600072080001300088111008700101245022700188260003400415300001500449650002600464650002000490650001900510700003600529700003500565700003100600942000700631999001700638952011300655IN-BaIIA211028s9999 xx 000 0 eng d a978-3-642-00836-8 cIIA Library a532bBER aLectures Given At the C.I.M.E Summer SchoolcCetraro, Italyd2001 July 2-10936927 0aLectures on topological Fluid Mechanicsbproceedings of thelectures given at the C.I.M.E summer school held in Cetraro, Italy: July 2-10, 2001cedited by Mitchell A Berger..[et.al]  aBerlinbSpringer-Verlagc2009 axii, 221p. aFluidMechanics936928 aMathematics982 aTopology94373 aBerger, Mitchell A., ed.936929 aKauffman, Louis H., ed.936930 aKhesin, Boris., ed.936931 cBK c19321d19321 00104070aBANbBANcGENd2017-09-18eANJ l3m5o532/ BERp20243r2023-07-18s2023-07-18w2017-09-18yBK